|
|
|
|
| LEADER |
00835nam a22002051a 4500 |
| 020 |
|
|
|a 9788186103487
|
| 082 |
|
|
|a H 891.430 92
|b PRA/M
|
| 100 |
|
|
|a Prabhat C L
|9 3081
|
| 245 |
|
|
|a Meera :
|b jeevan aur kavya (v.2)/
|c by C L Prabhat.
|
| 260 |
|
|
|a Jodhpur:
|b Rajasthani Granthagar,
|c 1999.
|
| 300 |
|
|
|a 213-487p.
|
| 650 |
|
|
|a Biography
|9 3082
|
| 650 |
|
|
|a Biography Meera
|9 3083
|
| 650 |
|
|
|a Biography Hindi Writers
|9 3084
|
| 650 |
|
|
|a Literature Hindi
|9 3085
|
| 650 |
|
|
|a Literature
|9 3086
|
| 942 |
|
|
|c REF
|
| 999 |
|
|
|c 28554
|d 28554
|
| 952 |
|
|
|0 0
|1 0
|4 0
|6 R_H_891_430920000000000_PRA_M
|7 0
|9 41162
|a SSUS
|b SSUS
|d 2015-01-08
|g 250.00
|o R H 891.43092 PRA/M
|p 017133
|r 2015-01-08
|v 0.00
|w 2015-01-08
|y REF
|
| 952 |
|
|
|0 0
|1 0
|4 0
|6 H_891_430000000000000_92_PRA_M
|7 0
|9 41163
|a SSUS
|b SSUS
|c STACKS
|d 2016-08-19
|g 250.00
|o H 891.430 92 PRA/M
|p 034315
|r 2016-08-19
|w 2016-08-19
|y BK
|